000 00303nam a2200133Ia 4500
005 20251222155103.0
008 251222s9999||||xx |||||||||||||| ||spa||
082 _aREL.196
100 _aMiguel Alvarez
245 0 _aEl joven que llegó a papa
250 _a6ta. ed.
264 _bCasals
942 _cLIB
999 _c37754
_d37754